00766nam a2200193 i 450000100060000000300090000600500170001500700030003200800410003510000400007624501070011626000510022330000450027449000840031965000310040365000310043483000840046585200230054938486ES-MaACL20260203063030.0t|030225s1916 sp |||| | spa d1 aCabré Aguiló, Juan, d1882-194710aArte rupestre gallego y portugués b: (Eira d'os Mouros y Cachao da Rapa) / cJuan Cabré Aguiló. aLisboa : bImprensa da Livraria Ferin, c1916. a28 p., 5 h. de lám. : bil. ; c25 cm.1 aMemórias publicadas pela Sociedade Portuguêsa de Sciências Naturais ; v207aArte prehistórico2embne 4aPintura rupestre-zEuropa.0 aMemórias publicadas pela Sociedade Portuguêsa de Sciências Naturais ; v2 aES-MaACLj1505-F-1